| 000 | 01173nam a2200325 i 4500 | ||
|---|---|---|---|
| 003 | DO-SdBNP | ||
| 005 | 20240711112634.0 | ||
| 006 | a||||gr|||| 00| 0 | ||
| 007 | ta | ||
| 008 | 240710t1993 ag a|||| |||| 00| d spa d | ||
| 020 | _a9501517462 | ||
| 040 |
_aDO-SdBNP _bspa _cBNPHU _erda |
||
| 041 | _heng | ||
| 082 | 4 |
_222 _bS294e |
|
| 100 | 1 |
_aSchaefer, Charles E. _eautor _986048 |
|
| 245 | 1 | 0 |
_aEnseñe a su hijo a comportarse / _cCharles E. Schaefer y Teresa Foy Digeronimo; editor, Javier Vergara; traducción, Adelaida Ruiz |
| 246 | 1 | 4 |
_aEnseñe a su hijo a comportarse: _baprende a educarlo con amor desde los dos a los ocho años. |
| 264 | 4 |
_aBuenos Aires, Argentina : _bVERLAP S. A., _c©1993 |
|
| 300 |
_a280 páginas : _bilustraciones ; _c17 cm. |
||
| 336 |
_2rdacontent _atexto _btxt |
||
| 337 |
_2rdamedia _asin mediación _bn |
||
| 338 |
_2rdacarrier _avolumen _bnc |
||
| 490 | 0 |
_aVergara Bolsillo ; _v71 |
|
| 534 |
_aTeach your Child to Behave. _bPlume. |
||
| 590 | _aInventariado 2024 / MF | ||
| 700 | 1 |
_4Digeronimo, Teresa Foy, _eautora |
|
| 700 | 1 |
_aVergara, Javier, _912864 _eeditor |
|
| 700 | 1 |
_aRuiz, Adelaida, _etraductor _986025 |
|
| 942 |
_2ddc _cLBS1 |
||
| 999 |
_c57236 _d57236 |
||